| 000 | 00511 a2200181 4500 | ||
|---|---|---|---|
| 003 | OSt | ||
| 005 | 20240122122523.0 | ||
| 008 | 240122b |||||||| |||| 00| 0 eng d | ||
| 020 | _a9789385312199 | ||
| 040 | _coclc | ||
| 082 |
_a297 _bSAJ/O |
||
| 100 |
_aSajeevan, A. _910294 |
||
| 245 |
_aOru Amusliminte Priyappetta Islam / _cA. Sajeevan |
||
| 250 | _a4th ed. | ||
| 260 |
_aMalappuram: _bBook Plus Publishers, _c2023. |
||
| 300 | _a288p. | ||
| 942 |
_2ddc _cBK _h297 _iSAJ/O _k297 _mSAJ/O |
||
| 999 |
_c43286 _d43286 |
||